Contra sofistas
Spremljeno u:
| Glavni autor: | |
|---|---|
| Format: | Knjiga |
| Jezik: | španjolski |
| Izdano: |
Santiago
Talleres Gráficos
1966
|
| Teme: | |
| Oznake: |
Dodaj oznaku
Bez oznaka, Budi prvi tko označuje ovaj zapis!
|
MARC
| LEADER | 00000cam a2200000 a 4500 | ||
|---|---|---|---|
| 001 | UCF9300 | ||
| 003 | CL-VaPUC | ||
| 008 | 131111e19660000cl |||||||||||||||||spa|d | ||
| 082 | 0 | 4 | |a 183.1 |b RIV |2 21 |
| 100 | 0 | |a Rivano, Juan |e author |9 571590 | |
| 245 | 1 | 0 | |a Contra sofistas |
| 300 | |a 129 p | ||
| 942 | |c BK | ||
| 945 | |d 20131111 15:03:00 |a dcastane | ||
| 260 | |a Santiago |b Talleres Gráficos |c 1966 | ||
| 650 | 7 | |a SOFISTAS |2 CL-VaPUC |9 571591 | |
| 650 | 0 | |a Filosofía griega |9 265579 | |
| 650 | 0 | |a Filosofía antigua |9 255705 | |
| 583 | |a last modification |c 20131111 15:03:00 |k Rodrigo Vera | ||
| 999 | |c 353772 |d 353770 | ||
| 952 | |0 0 |1 0 |3 erb |4 0 |6 183_100000000000000_RIV_1966 |7 0 |8 P |9 459152 |a BIBEDU |b BIBEDU |c BIBEDU_PB |d 2019-11-23 |i 5007593 |o 183.1 RIV 1966 |p 5007593 |r 2024-01-25 |w 2019-11-23 |y BK |z Catalogado en:20131111 |k FIL | ||